00925nam a22001815i 4500001000700000003000900007005001700016008004100033040001800074100003700092245011600129260007800245300002100323500007800344852017900422999001900601952012300620161000ES-MaACL20250823063120.0010831s1850 sp |||| | spa d aAR bspa cAR1 aOlona, Luis, d1823-1863913064510aPipo o El príncipe de Monte-Cresta b: drama cómico en dos actos /carreglado del francés por Luis Olona. aMadrid : b[Círculo Literario comercial], c1850 (fImp. de S. Omaña) a49 p. ; c19 cm. aEn port.: Representada en el Teatro del Drama el 24 de diciembre de 1850. aES-MaACLjF-8615(3) z-- Enc. pasta española q-- Falto de la cub. originalzEnc. en un vol. facticio formando parte de la col. facticia "Teatro español moderno", vol. 70 c161000d161000 001040708LIBXIXaATENEOMbATENEOMcSPP2d2008-01-17l0oF-8615(3)p1168612r2023-02-23 00:00:00w2023-02-23yMONANT